| 000 | 00000nam##2200000za#4500 |
| 001 | 9.680685 |
| 003 | CaOODSP |
| 005 | 20200330064606 |
| 007 | ta |
| 008 | 150407|1999||||xxc||||| f|0| 0 fre|d |
| 020 | |a0-662-83526-3 |
| 040 | |aCaOODSP|bfre |
| 043 | |an-cn--- |
| 086 | 1 |aH68-47/1999F |
| 110 | 1 |aCanada.|bSanté Canada. |bConsei national du bien-être social. |
| 245 | 10|aNouvelles mesures de pauvreté: oui, non ou peut-être? |
| 260 | |aOttawa - Ontario : |bSanté Canada. |c1999. |
| 300 | |a44p. : |bréférences, tableaux ; |c28 cm. |
| 500 | |a«Ce document de travail du Conseil national du bien-être social cherche à informer les lecteurs des diverses façons qui pourraient être utilisées pour mesurer la pauvreté au Canada, ainsi qu'a leur donner la possibilité de faire connaître leur point de vue sur cette question au gouvernement.»--Invitations aux lecteurs. |
| 520 | 3 |aCe document de travail du Conseil national du bien-être social cherche à informer les lecteurs des diverses façons qui pourraient être utilisées pour mesurer la pauvreté au Canada, ainsi qu'a leur donner la possibilité de faire connaître leur point de vue sur cette question au gouvernement.--Invitations aux lecteurs |
| 563 | |aCouverture souple |
| 590 | |a99-15|b1999-04-16 |
| 691 | 07|aPauvreté|2gcpds |
| 775 | 08|tA new poverty line: yes, no or maybe? |w(CaOODSP)9.647255 |
| 776 | 0#|tNouvelles mesures de pauvreté : |w(CaOODSP)9.640732 |